000 00682nam a2200253Ia 4500
003 OSt
005 20220924115004.0
006 a|||||r|||| 00| 0
007 ta
008 220923b |||||||| |||| 00| 0 urd d
020 _c8.50
024 _a318941
037 _cTextual
040 _aARTS
_cARTS
_burd
041 _2urd
_aurd
082 _aO168,3NBU,1, L2
100 _aBukhari Tanvir Zohra Au.
_9176369
245 0 _aJhoota pyar
260 _aCalcutta
_bNafis Ahmad Azizi India
_c1972
300 _a336p.
_ccm.
650 _aURDU FICTION
_93298
942 _hO168,3NBU,1, L2
_cTEXL
_2CC
999 _c396290
_d396290